Statistics for Fun Geography quiz

Click here to take the quiz!

General Stats

  • This quiz has been taken 16 times
  • The average score is 5 of 15

Answer Stats

HintAnswer% Correct
What is the name of the biggest city in the UK that has a world direction in its name? Southampton
73%
What is the only country in Europe bordering exactly 6 other countries?Italy
60%
What is the only island country ending with -”IA” that is not in Asia or Oceania?Saint Lucia
40%
What is the closest country to the DRC that it doesn’t border?Gabon
33%
What is the most visited city in Africa?Johannesburg
33%
The biggest country, bordering only one other country, in the world is Papua New Guinea, then after it South Korea, then Portugal. What is the next biggest country?Lesotho
33%
What country in the world has the most grassland?Australia
27%
What is the most colorful country flag in the world? (with the biggest number of different colors)Belize
27%
What is the southernmost capital that also shares the name with its country (not including city-states)?Djibouti
27%
What is the country with the biggest coastline-to-area ratio that is also not an island?Monaco
27%
Bolivia and Brazil is one of the examples of countries that border each other and begin with the letter B. What is the other pair of countries?Benin Burkina Faso
20%
What is the smallest country that is bigger than all it’s neighbors?Dominican Republic
20%
What is the biggest city in Europe not built on a body of water that is also not a capital?Milan
20%
There is only one big city in the world with an “X” in its name that follows these criteria: is not in China, is not in Europe, or in a country that speaks a European language. What is that city?Alexandria
13%
What is the only country ending with the letter “C” that doesn’t begin with the letter “C”?Dominican Republic
13%

Score Distribution

Percentile by Number Answered

Percent of People with Each Score

Your Score History

You have not taken this quiz